Špecifické aspekty environmentálneho marketingu

Identifikácia zmeny spotrebiteľského správania s ohľadom na zelený marketing. Zelený produkt predstavuje začlenenie ochrany životného prostredia do návrhu a vývoja produktov a nižší negatívny dopad na životné prostredie. Stratégie zeleného marketingu.

Saved in:
Bibliographic Details
Main Author: Pásztorová, Janka, 1960-
Format: Book Chapter
Language:Slovak
Subjects:
Tags: Add Tag
No Tags, Be the first to tag this record!

MARC

LEADER 00000nla a2200000 4500
001 0159986
005 20240502072756.8
041 0 |a slo 
044 |a SK 
245 1 0 |a Špecifické aspekty environmentálneho marketingu  |c Janka Pásztorová 
520 |a Identifikácia zmeny spotrebiteľského správania s ohľadom na zelený marketing. Zelený produkt predstavuje začlenenie ochrany životného prostredia do návrhu a vývoja produktov a nižší negatívny dopad na životné prostredie. Stratégie zeleného marketingu. 
610 2 0 |a marketing environmentálny 
610 2 0 |a stratégia marketingová 
610 2 0 |a produkty environmentálne 
610 2 0 |a výrobky ekologické 
610 2 0 |a komunikácia marketingová 
610 2 0 |a prostredie životné 
610 2 0 |a spotrebitelia 
100 1 |a Pásztorová, Janka, 1960-